عرض عادي
عرض مارك
- Pharmaceutical Preparations.
مدخل مصطلح موضوعي
001 - رقم الضبط
- حقل الضبط: 88426
003 - معرف رقم الضبط
- حقل الضبط: OSt
005 - تاريخ ووقت أخر عملية
- حقل الضبط: 20210305174640.0
008 - عناصر بيانات ثابتة الطول
- حقل تحكم ثابت الطول: 210305|| aca||aabn | a|a d
040 ## - مصدر الفهرسة
- هيئة الفهرسة الأصلية: OSt
- وكالة الكتابة: OSt
150 ## - مدخل-- مصطلح تاريخي
- عنصر مدخل المصطلح الموضوعي او الاسم الجغرافي: Pharmaceutical Preparations.
670 ## - بيانات المصدر موجوده
- الاستشهاد بالمصدر: Work cat.: (OSt)0: Ciccone, Charles D., 1953- 88424, Davis's drug guide for rehabilitation professionals /
